000 00557nam a2200193Ia 4500
005 20250508160020.0
008 008 250505s9999 xx 000 0 eng d
037 _aBooks to be hide in OPAC
040 _aFEDL
_beng
_cFEDL
041 _aeng
_2eng
084 _a373.74796, ERE/O
_qFEDL
100 _aSadler Michael E
_9764390
245 0 _aReport on secondary and higher education in Ereter
245 0 _cCity and County of Ereter
260 _c1905
300 _a71p.
942 _cHB
_h373.74796, ERE/O
999 _c1361052
_d1361052